Statistics for UK Political Parties in History

Click here to take the quiz!

General Stats

  • This quiz has been taken 68 times
  • The average score is 13 of 25

Answer Stats

%Most Successful ElectionParty% Correct
55.0Stanley Baldwin (1931)Conservative
100%
1.2Fenner Brockway (1931)Independent Labour
98%
48.8Clement Attlee (1951)Labour
98%
65.8Viscount Palmerston (1859)Liberal
98%
23.0Nick Clegg (2010)Liberal Democrats
91%
4.7Nicola Sturgeon (2015)Scottish National
91%
67.0Earl Grey (1832)Whig
84%
29.2Duke of Wellington (1832)Tory
80%
12.6Nigel Farage (2015)UK Independence
80%
2.0Nigel Farage (2019)Brexit
77%
3.8Natalie Bennett (2015)Green
72%
4.6Eamon de Valera (1918)Sinn Féin
67%
1.9Nick Griffin (2010)British National
48%
25.4David Steel and Roy Jenkins (1983)Alliance
31%
1.2N/A (1924)Constitutionalist
31%
1.5Ramsay MacDonald (1935)National Labour
22%
3.7John Simon (1935)National Liberal
17%
2.6James Goldsmith (1997)Referendum
17%
9.9David Lloyd George (1922)National Liberal
16%
6.9Charles Stewart Parnell (1882)Irish Parliamentary
14%
5.2Justin McCarthy (1892)Irish National Federation
13%
1.6John Redmond (1892)Irish National League
13%
3.7Isaac Butt (1874)Home Rule
5%
3.8Daniel O'Connell (1832)Irish Repeal
3%
1.7N/A (1857)Independent Irish
2%

Score Distribution

Percentile by Number Answered

Percent of People with Each Score

Your Score History

You have not taken this quiz